|
|
|
|
| LEADER |
00000cam a2200000 i 4500 |
| 005 |
20111110113133.0 |
| 007 |
cr|||| |||| |
| 008 |
061002s2006 sp 000 0 spa d |
| 017 |
|
|
|a D.L.AB240-06
|
| 020 |
|
|
|a 84-86977-83-5
|
| 035 |
|
|
|a 5882
|
| 040 |
|
|
|a SpMaUCDE
|d BUS
|d vLex
|
| 080 |
|
|
|a 349.2:331.5(450)
|
| 090 |
|
|
|c 2756
|d 2756
|
| 100 |
1 |
|
|a Garca̕ Trascasas, Ascensin̤.
|
| 245 |
1 |
3 |
|a La reforma de la ocupacin̤ y el mercado de trabajo en Italia
|h [Recurso electrn̤ico] /
|c Ascensin̤ Garca̕ Trascasas.
|
| 256 |
|
|
|a Servicio en ln̕ea
|
| 260 |
|
|
|a Albacete :
|b Bomarzo,
|c 2006.
|
| 300 |
|
|
|a 1 recurso electrn̤ico
|
| 506 |
1 |
|
|a Contenido solo disponible en los productos indicados
|d vLex Global
|d vLex Global (Academic Edition, excluding Law Schools)
|d vLex Global (U.S. Academic Edition, Law Schools)
|d vLex Global (U.S. Academic Edition, excluding Law Schools)
|d vLex Global (Academic Edition, Law Schools)
|
| 650 |
0 |
4 |
|a Trabajo, Mercado de
|z Italia.
|
| 740 |
0 |
|
|a vLex Libros (Servicio en ln̕ea)
|
| 856 |
4 |
0 |
|u http://vlex.com/source/reforma-ocupacion-mercado-trabajo-italia-5882
|z Acceso restringido
|
| 942 |
|
|
|c BOOK
|